Väkirikkaimmat valtiot vuonna 1 - Statistics

Yleistilastot
  • Tätä visaa on pelattu 1 206 kertaa
  • Keskiarvotulos 13 / 20
Vastaustilastot
Väkiluku Valtio % Oikein
55 milj. Kiina
98%
36 milj. Intia
88%
7 milj. Italia
87%
4 milj. Ranska
86%
4 milj. Saksa
85%
3 milj. Espanja
81%
3 milj. Japani
81%
4 milj. Egypti
80%
2 milj. Kreikka
74%
8 milj. Turkki
72%
4 milj. Iran
69%
2 milj. Pakistan
56%
2 milj. Indonesia
53%
2 milj. Algeria
50%
2 milj. Meksiko
49%
2 milj. Syyria
49%
2 milj. Afganistan
37%
2 milj. Nigeria
37%
2 milj. Sudan
36%
2 milj. Bangladesh
33%
Ehtoja vastaavia visoja ei löytynyt
Tulosjakauma
Jokaisen tuloksen saaneiden osuus
Persentiili vastausten määrän mukaan
Tuloshistoriasi
Et ole pelannut tätä visaa